Pandemie postavila plány kampaní Greenpeace vzhůru nohama

Environmentálna nezisková organizácia Greenpeace v Čechách a vplyv koronavírusu na jej fungovanie. Sledovanie ekologických, zdravotných a epidemiologických hrozieb. Projekty v on-line priestore (Akademia Greenpeace) a mediálne a digitálne kampane. Výzva Zdravá bodoucnost. Protesty behom pandémie COV...

Description complète

Enregistré dans:
Détails bibliographiques
Auteur principal: Hrábek, Lukáš
Format: Chapitre de livre
Langue:tchèque
Sujets:
Tags: Ajouter un tag
Pas de tags, Soyez le premier à ajouter un tag!

MARC

LEADER 00000naa a2200000 4500
001 0277383
005 20210722090552.0
041 0 |a cze 
044 |a CZ 
245 1 0 |a Pandemie postavila plány kampaní Greenpeace vzhůru nohama  |c Lukáš Hrábek 
520 |a Environmentálna nezisková organizácia Greenpeace v Čechách a vplyv koronavírusu na jej fungovanie. Sledovanie ekologických, zdravotných a epidemiologických hrozieb. Projekty v on-line priestore (Akademia Greenpeace) a mediálne a digitálne kampane. Výzva Zdravá bodoucnost. Protesty behom pandémie COVID-19. 
610 2 0 |a pandémia 
610 2 0 |a koronavírus 
610 2 0 |a organizácie neziskové 
610 2 0 |a ekológia 
610 2 0 |a projekty 
610 2 0 |a priemysel 
610 2 0 |a zdravie 
610 2 0 |a marketing 
610 2 0 |a Česko 
100 1 |a Hrábek, Lukáš